[Event "Lisbon Portugal rapid op"]
[Site "Lisbon"]
[Date "2022.09.04"]
[Round "8"]
[White "Roque, Armando Filipe"]
[Black "Ribeiro, Bruno Alexandre Rom"]
[Result "0-1"]
[WhiteElo "1910"]
[BlackElo "2006"]
[PlyCount "25"]
[EventDate "2022.09.03"]
[EventType "swiss (rapid)"]
[EventRounds "11"]
[EventCountry "POR"]
[SourceTitle "CBM 210 Extra"]
[Source "ChessBase"]
[SourceDate "2022.11.30"]
[SourceVersion "1"]
[SourceVersionDate "2022.11.30"]
[SourceQuality "1"]

1. d4 Nf6 2. c4 g6 3. Nc3 d5 4. Nf3 Bg7 5. Qb3 dxc4 6. Qxc4 c6 7. e4 0-0 8. Be2 Nbd7 9. 0-0 Nb6 10. Qb3 Be6 11. Qc2 Bc4 12. Rd1 Bxe2 13. Qxe2 0-1

[Event "Lisbon Portugal op"]
[Site "Lisbon"]
[Date "2020.01.26"]
[Round "2"]
[White "Esquivias Quintero, Luis Manuel"]
[Black "Roque, Armando Filipe"]
[Result "1-0"]
[WhiteElo "2318"]
[BlackElo "1960"]
[PlyCount "63"]
[EventDate "2020.01.25"]
[EventType "swiss"]
[EventRounds "9"]
[EventCountry "POR"]
[SourceTitle "CBM 194"]
[Source "ChessBase"]
[SourceDate "2020.01.27"]
[SourceVersion "1"]
[SourceVersionDate "2020.01.27"]
[SourceQuality "1"]

1. e4 e6 2. d4 d5 3. Nd2 Be7 4. Ngf3 Nf6 5. e5 Nfd7 6. c3 c5 7. Bd3 Nc6 8. 0-0 g5 9. Qe2 Qc7 10. Qe3 h6 11. Ne1 Qb6 12. Nc2 h5 13. Kh1 Nf8 14. f4 c4 15. Be2 g4 16. b3 cxb3 17. axb3 Bd7 18. c4 0-0-0 19. Ba3 Bxa3 20. Rxa3 a6 21. c5 Qc7 22. Rfa1 Nb8 23. b4 Bc6 24. Nb3 Qd7 25. Na5 Bb5 26. c6 bxc6 27. Nb3 Qe7 28. Nc5 Nfd7 29. Nxa6 Nb6 30. Bxb5 cxb5 31. Qc3+ Kb7 32. Nc5+ 1-0

[Event "Lisbon Portugal op"]
[Site "Lisbon"]
[Date "2019.02.07"]
[Round "6"]
[White "Roque, Armando Filipe"]
[Black "Boucquet, Emile"]
[Result "1-0"]
[WhiteElo "1946"]
[BlackElo "2213"]
[PlyCount "71"]
[EventDate "2019.02.02"]
[EventType "swiss"]
[EventRounds "9"]
[EventCountry "POR"]
[SourceTitle "CBM 188 Extra"]
[Source "ChessBase"]
[SourceDate "2019.02.26"]
[SourceVersion "1"]
[SourceVersionDate "2019.02.26"]
[SourceQuality "1"]

1. d4 d5 2. c4 e6 3. Nc3 Nf6 4. cxd5 exd5 5. Bg5 Nbd7 6. e3 Be7 7. Bd3 0-0 8. Nf3 b6 9. Qc2 Bb7 10. 0-0 c5 11. h3 g6 12. Bf4 a6 13. a4 Rc8 14. Qe2 c4 15. Bc2 Re8 16. Rae1 Bb4 17. Rc1 Qe7 18. Ne5 Nxe5 19. Bxe5 Bd6 20. f4 Ne4 21. Nxe4 dxe4 22. Bxd6 Qxd6 23. f5 Bd5 24. Qg4 c3 25. b3 Rc6 26. Rf4 Kh8 27. Rcf1 gxf5 28. Qxf5 Rg8 29. R1f2 Qe6 30. Qh5 Bxb3 31. Bxe4 Qh6 32. Qe5+ f6 33. Rxf6 Rxf6 34. Rxf6 Qg7 35. Rh6 Qxe5 36. Rxh7# 1-0

[Event "Figueira da Foz op 11th"]
[Site "Figueira da Foz"]
[Date "2017.11.04"]
[Round "8"]
[White "Morais, Mario Martins Freit"]
[Black "Roque, Armando Filipe"]
[Result "1/2-1/2"]
[WhiteElo "1457"]
[BlackElo "1903"]
[PlyCount "84"]
[EventDate "2017.10.29"]
[EventType "swiss"]
[EventRounds "9"]
[EventCountry "POR"]
[SourceTitle "CBM 181 Extra"]
[Source "ChessBase"]
[SourceDate "2017.12.12"]
[SourceVersion "1"]
[SourceVersionDate "2017.12.12"]
[SourceQuality "1"]

1. d4 Nf6 2. Bf4 g6 3. Nf3 Bg7 4. e3 d6 5. h3 Nbd7 6. Be2 0-0 7. Nbd2 c5 8. c3 b6 9. Rb1 Bb7 10. 0-0 Nh5 11. Bg5 h6 12. Bh4 g5 13. Nh2 Nhf6 14. Bg3 Ne4 15. Nxe4 Bxe4 16. Bd3 Nf6 17. Ng4 Bxd3 18. Nxf6+ Bxf6 19. Qxd3 cxd4 20. exd4 Qd7 21. Qe2 Rac8 22. f4 Bg7 23. Rbe1 Rc7 24. Bh2 Rfc8 25. Qf3 f6 26. Qd5+ Kh8 27. f5 Bf8 28. Rf3 Kg7 29. h4 Qc6 30. Qe6 g4 31. Bf4 gxf3 32. Re3 Qd7 33. Qd5 Kh8 34. Rxf3 Bg7 35. Rg3 Qe8 36. Rg6 Qg8 37. Qf3 Qh7 38. Qh5 b5 39. Bxh6 Bxh6 40. Rxh6 Qxh6 41. Qxh6+ Kg8 42. Qg6+ Kh8 1/2-1/2

[Event "Figueira da Foz op 9th"]
[Site "Figueira da Foz"]
[Date "2015.11.21"]
[Round "1"]
[White "Stopa, Jacek"]
[Black "Roque, Armando Filipe"]
[Result "1-0"]
[WhiteElo "2475"]
[BlackElo "1912"]
[PlyCount "63"]
[EventDate "2015.11.21"]
[EventType "swiss"]
[EventRounds "9"]
[EventCountry "POR"]
[SourceTitle "CBM 169 Extra"]
[Source "ChessBase"]
[SourceDate "2015.12.18"]
[SourceVersion "1"]
[SourceVersionDate "2015.12.18"]
[SourceQuality "1"]

1. d4 Nf6 2. c4 g6 3. f3 d5 4. cxd5 Nxd5 5. e4 Nb6 6. Nc3 Bg7 7. Be3 0-0 8. Qd2 c6 9. h4 e5 10. d5 cxd5 11. exd5 f6 12. a4 Bd7 13. h5 gxh5 14. a5 Nc8 15. Bd3 Na6 16. Rxh5 f5 17. Bh6 Rf7 18. Nh3 Bxh6 19. Rxh6 Nc5 20. Bc4 Kh8 21. Qe3 Qe7 22. d6 Nxd6 23. Rxd6 Qh4+ 24. g3 Qxc4 25. Qxe5+ Kg8 26. 0-0-0 Re8 27. Qd5 Qxd5 28. Nxd5 Rc8 29. Kb1 Ba4 30. Rc1 Bb3 31. Ng5 Rg7 32. Rxc5 1-0

[Event "Lisbon Christmas op"]
[Site "Lisbon"]
[Date "2014.12.29"]
[Round "7"]
[White "Gomila Marti, Santiago"]
[Black "Roque, Armando Filipe"]
[Result "1/2-1/2"]
[WhiteElo "1710"]
[BlackElo "1887"]
[PlyCount "89"]
[EventDate "2014.12.26"]
[EventType "swiss"]
[EventRounds "9"]
[EventCountry "POR"]
[SourceTitle "EXT 2018"]
[Source "ChessBase"]
[SourceDate "2017.10.13"]
[SourceVersion "1"]
[SourceVersionDate "2017.10.13"]
[SourceQuality "1"]

1. e4 e6 2. d4 d5 3. e5 c5 4. c3 Nc6 5. Nf3 Bd7 6. Be2 Nge7 7. Na3 cxd4 8. cxd4 Nf5 9. Nc2 Rc8 10. 0-0 Be7 11. Bd2 0-0 12. Bd3 Qb6 13. Bxf5 exf5 14. b3 Be6 15. Bg5 Rc7 16. Bxe7 Rxe7 17. Ng5 h6 18. Nh3 Rc8 19. Nf4 Rec7 20. Ne3 Ne7 21. Qd2 g5 22. Nh5 Rc3 23. Nf6+ Kg7 24. h4 f4 25. Neg4 Bxg4 26. Nxg4 Rc2 27. Qd1 Qb4 28. Nf6 Rd2 29. Qg4 Qxd4 30. hxg5 Qxe5 31. gxh6+ Kxh6 32. Qxc8 Qxf6 33. Qg4 Ng6 34. Rfd1 Rc2 35. Rac1 Rxa2 36. Rxd5 Qb2 37. Rh5+ Kg7 38. Rf1 Qxb3 39. Kh2 a5 40. Qd1 Qb6 41. Qd5 Rxf2 42. Rxf2 Qxf2 43. Rf5 Qh4+ 44. Kg1 Qe1+ 45. Kh2 1/2-1/2